The nature and properties of soils / (Record no. 2825)

MARC details
000 -LEADER
fixed length control field 01432cam a2200229 4500
001 - CONTROL NUMBER
control field 3484
005 - DATE AND TIME OF LATEST TRANSACTION
control field 20181127171310.0
008 - FIXED-LENGTH DATA ELEMENTS--GENERAL INFORMATION
fixed length control field 070531s2008 njuab b 001 0 eng
010 ## - LIBRARY OF CONGRESS CONTROL NUMBER
LC control number 2007022182
020 ## - INTERNATIONAL STANDARD BOOK NUMBER
International Standard Book Number 9780132279383
International Standard Book Number 9788131788172
100 1# - MAIN ENTRY--PERSONAL NAME
Personal name Brady, Nyle C.
245 14 - TITLE STATEMENT
Title The nature and properties of soils /
Statement of responsibility, etc. Nyle C. Brady, Ray R. Weil.
250 ## - EDITION STATEMENT
Edition statement 14th ed.
260 ## - PUBLICATION, DISTRIBUTION, ETC.
Place of publication, distribution, etc. New Delhi :
Name of publisher, distributor, etc. Pearson Prentice Hall,
Date of publication, distribution, etc. 2011, 2014.
300 ## - PHYSICAL DESCRIPTION
Extent xvi, 974 p. :
Other physical details ill. (some col.), maps (some col.) ;
Dimensions 29 cm.
504 ## - BIBLIOGRAPHY, ETC. NOTE
Bibliography, etc. note Includes bibliographical references and index.
505 0# - FORMATTED CONTENTS NOTE
Formatted contents note The soils around us -- Formation of soils from parent materials -- Soil classification -- Soil architecture and physical properties -- Soil water: characteristics and behavior -- Soil and the hydrologic cycle -- Soil aeration and temperature -- Soil colloids: seat of soil chemical and physical activity -- Soil acidity -- Soils of dry regions: alkalinity, salinity, and sodicity -- Organisms and ecology of the soil -- Soil organic matter -- Nitrogen and sulfur economy of soils -- Soil phosphorus and potassium -- Calcium, Magnesium and trace elements -- Practical nutrient management -- Soil erosion and its control -- Soils and chemical pollution -- Geographic soils information -- Prospects for global soil quality as affected by human acitvities.
650 #0 - SUBJECT ADDED ENTRY--TOPICAL TERM
Topical term or geographic name entry element Soil science.
Topical term or geographic name entry element Soils.
700 1# - ADDED ENTRY--PERSONAL NAME
Personal name Weil, Ray R.
Holdings
Withdrawn status Lost status Source of classification or shelving scheme Damaged status Not for loan Collection code Home library Current library Shelving location Serial Enumeration / chronology Inventory number Total Checkouts Full call number Barcode Date last seen Price effective from Koha item type Copy number Date acquired Total Renewals Date last checked out
    Dewey Decimal Classification     Main TEST RTC Library RTC Library Main opac 5993   631.4 BRA 30001952 27/11/2018 27/11/2018 Main        
    Dewey Decimal Classification     Main TEST RTC Library RTC Library Main opac 9807   631.4 BRA 30009752 27/11/2018 27/11/2018 Main 1      
    Dewey Decimal Classification     Main TEST RTC Library RTC Library Main opac 9808   631.4 BRA 30009796 27/11/2018 27/11/2018 Main 2      
    Dewey Decimal Classification     Main TEST RTC Library RTC Library Main opac 9809 1 631.4 BRA 30009768 19/05/2025 27/11/2018 Main 3 18/02/2025 1 18/02/2025
Royal Thimphu College || All Right Reserved